=LDR 00000nam 2200000 4500 =001 INLIS000000000009798 =005 20200810080754 =035 ##$$a 0010-061300000009798 =008 200810################g##########0#ind## =082 ##$$a 2x5.1 =090 ##$$a 2x5.1, mat m =100 ##$$a Matta. M.Anis =245 1#$$a Membentuk karakter cara Islam /$c M. Anis Matta =260 ##$$a Jakarta :$b Al-I'tishom,$c 2002 =300 ##$$a x, 86 hlm, ; $c 18 x 12 cm. =650 #4$$a Akhlak - Islam =020 ##$$a 979-3071-11-7 =084 ##$$a 2x5.1 MAT m =990 ##$$a 2033344